Kompenzační pomůcky pro děti se sluchovým postižením v Královéhradeckém kraji : bakalářská práce / Karolína Zemanová ; vedoucí práce Marie Ortová
Bakalářská práce se zabývá kompenzačními pomůckami pro děti se sluchovým postižením se zaměřením na Královéhradecký kraj. V teoretické části je popsána anatomie ucha, funkce a význam sluchu, dále je zmapováno sluchové postižení a členění vad a poruch sluchu a možnostem jak tyto vady kompenzovat. V závěru teoretické části je zaměřena pozornost na integraci dětí se sluchovým postižením do společnosti, možnostem komunikace s nimi, vzdělávání těchto dětí a službám, které mohou využít. V empirické části bude zjišťováno, jaké kompenzační pomůcky děti se sluchovým postižením v Královéhradeckém kraji nejčastěji používají a jak se díky těmto pomůckám zvládají integrovat do společnosti, případně jak jim usnadňují život. Empirická část je založena na kvantitativní výzkumné strategii konkrétně na dotazníku.
Record details
- Physical Description: 76 stran : přílohy ; 31 cm
Content descriptions
| Dissertation Note: | Bakalářská práce (Bc.), Univerzita Karlova, ETF, 2018 |
| Bibliography, etc. Note: | Obsahuje bibliografii |
Search for related items by subject
| Genre: | bakalářská práce |
Available copies
- 1 of 1 copy available at Common Catalog SPOK.
Holds
- 0 current holds with 1 total copy.
Show Only Available Copies
| Location | Call Number / Copy Notes | Barcode | Shelving Location | Status | Due Date |
|---|---|---|---|---|---|
| Jabok Library | ABP-2533 | 424480046433 | Absolventské práce | Reference | - |
Electronic resources
Version of Resource: Plný text
| LDR | ntm a22 i 4500 | ||
|---|---|---|---|
| 001 | 57887 | ||
| 003 | CZ-PrJAB | ||
| 005 | 20240918122130.0 | ||
| 007 | ta | ||
| 008 | 240918s2018 xr e 000 0 cze | ||
| 040 | . | ‡aABG312 ‡bcze ‡erda | |
| 041 | 0 | . | ‡acze ‡beng |
| 072 | 7. | ‡a316.3 ‡xGlobální společnosti. Sociální struktura. Sociální skupiny ‡2Konspekt ‡918 | |
| 100 | 1 | . | ‡aZemanová, Karolína ‡4aut |
| 245 | 1 | 0. | ‡aKompenzační pomůcky pro děti se sluchovým postižením v Královéhradeckém kraji : ‡bbakalářská práce / ‡cKarolína Zemanová ; vedoucí práce Marie Ortová |
| 264 | 0. | ‡c2018 | |
| 300 | . | ‡a76 stran : ‡bpřílohy ; ‡c31 cm | |
| 336 | . | ‡atext ‡btxt ‡2rdacontent | |
| 337 | . | ‡abez média ‡bn ‡2rdamedia | |
| 338 | . | ‡asvazek ‡bnc ‡2rdacarrier | |
| 502 | . | ‡aBakalářská práce (Bc.), Univerzita Karlova, ETF, 2018 | |
| 504 | . | ‡aObsahuje bibliografii | |
| 520 | 3 | . | ‡aBakalářská práce se zabývá kompenzačními pomůckami pro děti se sluchovým postižením se zaměřením na Královéhradecký kraj. V teoretické části je popsána anatomie ucha, funkce a význam sluchu, dále je zmapováno sluchové postižení a členění vad a poruch sluchu a možnostem jak tyto vady kompenzovat. V závěru teoretické části je zaměřena pozornost na integraci dětí se sluchovým postižením do společnosti, možnostem komunikace s nimi, vzdělávání těchto dětí a službám, které mohou využít. V empirické části bude zjišťováno, jaké kompenzační pomůcky děti se sluchovým postižením v Královéhradeckém kraji nejčastěji používají a jak se díky těmto pomůckám zvládají integrovat do společnosti, případně jak jim usnadňují život. Empirická část je založena na kvantitativní výzkumné strategii konkrétně na dotazníku. |
| 653 | 0 | . | ‡asluchové postižení ‡aděti ‡aintegrace |
| 653 | 0 | . | ‡asluchové postižení ‡akompenzační pomůcky ‡aděti |
| 653 | 0 | . | ‡asluchové postižení ‡aděti ‡akomunikace |
| 655 | 7. | ‡abakalářská práce ‡7ph114112 ‡2czenas | |
| 700 | 1 | . | ‡aOrtová, Marie ‡4ths |
| 710 | 2 | . | ‡aUniverzita Karlova. Evangelická teologická fakulta |
| 856 | 4 | 1. | ‡uhttps://is.jabok.cz/th/uuhut/Bakalarska_prace_Karolina_Zemanova.pdf ‡yPlný text |
| 910 | . | ‡aABG312 | |
| 901 | . | ‡a57887 ‡bAUTOGEN ‡c57887 ‡tbiblio | |